Signo /

Uloženo v:
Podrobná bibliografie
Hlavní autor: Eco, Umberto (autor)
Médium: Kniha
Jazyk:španělština
Vydáno: Barcelona, España : Labor, 1988, c1988
Témata:
Tagy: Přidat tag
Žádné tagy, Buďte první, kdo vytvoří štítek k tomuto záznamu!

MARC

LEADER 00000nam^a2200000^a^4500
001 000115337
005 20250521000000.0
009 20260526122755.807
020 |a 84-335-1120-3 
037 |a Acervo ITESO - Biblioteca 
041 |a ESP 
082 |a 410. 33  |b ECO 
100 |a Eco, Umberto  |e (autor) 
245 1 0 |a Signo /  |c U. Eco ; tr. por Francisco Serra Cantarell. 
264 4 |a Barcelona, España :  |b Labor,  |c 1988, c1988 
300 |a 216 p. 
336 |a texto  |b txt  |2 rdacontenido 
337 |a sin mediación  |b n  |2 rdamedio 
338 |a volumen  |b nc  |2 rdasoporte 
649 |a XX 
650 |a Signo 
650 |a Sigmática 
650 |a Semiótica 
650 |a Lingüística 
910 |a Fondo General 
920 |a Impresos - Libros 
930 |a Colección General 
905 |a 101 
901 |a 0800002770  |b IT1  |c ACC  |u 20250521 
901 |a 0500134703  |b IT1  |c ACC  |u 20250521 
902 |a https://opac.biblio.iteso.mx/vufind/Record/000115337